Essays in memory of Jean Carozz The law and the sea

Saved in:
Bibliographic Details
Main Author: Jean Carroz
Format: Book
Language:Undetermined
Published: Rome FAO 1987
Subjects:
Tags: Add Tag
No Tags, Be the first to tag this record!
Institutions: Trung tâm Học liệu Trường Đại học Cần Thơ
LEADER 00520nam a2200193Ia 4500
001 CTU_29222
008 210402s9999 xx 000 0 und d
082 |a 341.45 
082 |b C319 
100 |a Jean Carroz 
245 0 |a Essays in memory of Jean Carozz 
245 4 |b The law and the sea 
245 0 |c Jean Carroz, FAO 
260 |a Rome 
260 |b FAO 
260 |c 1987 
650 |a international law 
904 |i Nguyễn Quang Điền, 990315 
980 |a Trung tâm Học liệu Trường Đại học Cần Thơ